| 000 | 00736aam a2200301 4500 | ||
|---|---|---|---|
| 005 | 20241209095033.0 | ||
| 008 | 150902b2006 sp ||||| |||| 00| 0 spa d | ||
| 020 | _a9788449433511 | ||
| 041 | _aESP | ||
| 082 | _a612.6 G925v | ||
| 100 |
_aGüell Roviralta, María Antonia _920658 |
||
| 245 | _aVivir en pareja | ||
| 260 | _aEspaña | ||
| 260 | _bEditorial Oceano | ||
| 260 | _c2006 | ||
| 300 | _a159 páginas | ||
| 440 |
_aBiblioteca práctica de autoayuda _952407 |
||
| 650 | _aSEXUALIDAD | ||
| 650 | _aVALORES | ||
| 650 | _aVALORES SEXUALES | ||
| 650 | _aCONVIVENCIA HUMANA | ||
| 650 | _aNOVIAZGO | ||
| 650 | _aAMOR | ||
| 650 | _aCOMUNICACIÓN | ||
| 650 | _aEMPATIA | ||
| 650 | _aASERTIVIDAD | ||
| 942 |
_cBK _2ddc |
||
| 999 |
_c752 _d752 |
||